000
00196nam a2200097Ia 4500
100
_a
Green/R
942
_c
BK
245
_a
Elements of Rolling Practice
260
_b
United Steel Co
300
_a
158
999
_c
22446
_d
22446